Hispania poena: los fenicios en la hispania romana, 206 a.C.-96 d.C

Gardado en:
Detalles Bibliográficos
Autor Principal: López Castro, José Luis (autor)
Formato: Libro
Idioma:Lingua castelá
Publicado: Barcelona Crítica 1995
Series:Crítica. Arqueología
Subjects:
Tags: Engadir etiqueta
Sen Etiquetas, Sexa o primeiro en etiquetar este rexistro!

MARC

LEADER 00000nam a2200000 a 4500
001 UCL1604
003 CL-VaPUC
008 030911e19950000SP |||||||||||||||||spa|d
020 |a 8474236487 
082 0 4 |a 936.602  |b LOP  |2 21 
100 |a López Castro, José Luis  |e autor  |9 478467 
245 1 0 |a Hispania poena: los fenicios en la hispania romana, 206 a.C.-96 d.C 
300 |a 373 p 
942 |c BK 
945 |d 20030911 00:00:00  |a cmena 
260 |a Barcelona  |b Crítica  |c 1995 
650 0 |a Historia antigua  |9 267521 
650 0 |a Civilizaciones antiguas  |9 265998 
650 0 |a Historiografía   |9 257871 
650 7 |a FENICIOS  |2 CL-VaPUC  |9 478468 
650 0 |a Arqueología   |9 265619 
651 0 |a Península Ibérica  |9 417828 
583 |a last modification  |c 20030911 00:00:00  |k Rodrigo Vera 
490 0 |a Crítica. Arqueología 
999 |c 305101  |d 305099 
952 |0 0  |1 0  |4 0  |6 936_602000000000000_LOP_1995  |7 0  |8 A  |9 368072  |a BIBHIS  |b BIBHIS  |d 2019-11-21  |i 3907163  |o 936.602 LOP 1995  |p 3907163  |r 2025-01-20  |w 2019-11-21  |y BK  |k HIS